Statistics for Marvel Hero Pets

Click here to take the quiz!

General Stats

  • This quiz has been taken 8 times
  • The average score is 14 of 40

Answer Stats

Owner/"Owner"Answer% Correct
Guardians of the GalaxyCosmo
88%
none; "Guardians of the Galaxy"Rocket Raccoon
88%
Moon Boy/Moon-GirlDragon Dinosaur
75%
Captain MarvelGoose/Chewie
75%
Black BoltLockjaw
63%
HawkeyeLucky the Pizza Dog
63%
FalconRedwing
63%
Kitty PrydeLockheed
50%
VisionSparky
50%
Peni ParkerSP//dr
50%
Ka-ZarZabu
50%
Ant-ManAnt-thony
38%
Valkyrie/Black KnightAragorn
38%
noneHoward the Duck
38%
OdinHuginn
38%
OdinMuninn
38%
none; "Spider-Man"Spider-Ham
38%
none; "Thor"Throg
38%
Squirrel GirlTippy Toe
38%
ThorToothgnasher
38%
ThorToothgrinder
38%
NamorGiganto
25%
Squirrel GirlMonkey Joe
25%
ArsenicOld Lace
25%
OdinSleipnir
25%
Dr. StrangeBats
13%
GomiBill
13%
Adam WarlockBlurp
13%
DaredevilDeuce
13%
GomiDon
13%
Agatha HarknessEbony
13%
SpeedballHairball
13%
Wolverine (Laura Kinney)Jonathan the Unstoppable
13%
Amadeus ChoKerberos "Kirby"
13%
Red WolfLobo
13%
none; if he were to have an owner, the best candidate would probably be Gorilla-ManMan-oo
13%
Spider-Man/Firestar/Aunt MayMs. Lion
13%
NamorSea Turtle Honor Guard
13%
SentryWatchdog
13%
Web-SlingerWidow
13%

Score Distribution

Percentile by Number Answered

Percent of People with Each Score

Your Score History

You have not taken this quiz